MDQL
is popping MORE tags! Check the
thread
!
Quizzes
Events
Quiz Creation
Community
Videos
Private Events
Remove Ads
Sign In
Join for FREE
Feedback
Dark Mode
Quiz Categories
Sports
Geography
Music
Movies
Television
Just For Fun
Miscellaneous
History
Literature
Language
Science
Gaming
Entertainment
Religion
Holiday
For Kids
Quiz Lab
Recent
Popular Today
Quiz Kudos Today
Editor Picks
Curator Picks
Quizzes by...
Day
Popularity
Type
Ratings
Length
Year
Community
Subscriptions
Recent Discussions
Orange Saloon
Badges
Playlists
Quests
Create
Leaderboards
Showdown
Live 5
Trivia Bingo
Activity
Puzzle Library
Sporcle Events
Private Events
Virtual Trivia
Globe League
Become a Host
Pub Owners
SporcleCon
Opinionation
Our Games
Videos
Blog
Mobile Apps
Partnerships
Remove Ads and Go Orange
Feedback
Sports
Athletes
MLB
NBA
NHL
NFL
Soccer
Sports Teams
WWE
NCAA
Football
Premier League
Basketball
Baseball
Hockey
Golf
Tennis
Cricket
Rugby
Auto Racing
Olympics
World Cup
Sports
Athletes
MLB
NBA
NHL
NFL
Soccer
Sports Teams
WWE
NCAA
Football
Premier League
Basketball
Baseball
Hockey
Golf
Tennis
Cricket
Rugby
Auto Racing
Olympics
World Cup
Random Quiz
Search Sporcle
×
Quiz Lab
Quiz Lab
Sports
Homer
Type in answers that appear in a list
Type in answers that appear in a list
Classic
Best Score? Go Orange.
Most Career Homers by Career-High Stats
Can you name the player with the most career HR among players with his career-high?
By
rk559
6m
22 Questions
2,311 Plays
2,311 Plays
2,311 Plays
Comments
Comments
Give Quiz Kudos
Give Quiz Kudos
-
- Ratings
hide this ad
More Info
Replay
Link that replays current quiz
Next Quiz
Link to next quiz in quiz playlist
You Got
0%
They Got
Avg Score
60%
Avg Friend Score
Upgrade to see
Score Distribution
Jump to the score distribution portion of the page
Score
0/22
Timer
06:00
0
Plays Today
Career High
Player
% Correct
73
Barry Bonds
99.8%
66
Sammy Sosa
99.2%
70
Mark McGwire
99.1%
60
Babe Ruth
97.1%
61
Roger Maris
93.9%
56
Ken Griffey, Jr.
80.5%
47
Hank Aaron
79.4%
54
Mickey Mantle
76.8%
43
Frank Thomas/Ted Williams
76.4%
57
Alex Rodriguez
76.2%
52
Willie Mays
75.9%
Career High
Player
% Correct
58
Jimmie Foxx
60.8%
45
Manny Ramirez
49%
49
Frank Robinson
47.5%
48
Mike Schmidt
47%
42
Mel Ott
39.5%
46
Jose Canseco
31.3%
51
Andruw Jones
27.9%
50
Albert Belle
27.5%
44
Carlos Delgado
17.5%
40
Mike Piazza
14.2%
41
Darrell Evans
9.6%
Quiz Playlist
Details
Report
Send in Message
Add To Playlist
More Info:
Ex. Among players with a career high of 33, Eddie Murray has the most home runs, 504. You get the idea.
Classic:
Type in answers that appear in a list
Quiz Source
Last Updated: Feb 16, 2017
Quiz Scoreboard
CHALLENGE
Sign Up to Join the Scoreboard
Show All
Scores
Hide
Comments
May contain spoilers
Recently Published
5x2 Blitz: Bands
by SL_Kpop136
Music
30s
Colored Red Africa Blitz
by spor1
Geography
30s
Find the 'City' Movie
by crazypaving
Movies
60s
More to Explore
Quiz From the Vault
Featured Blog Post
14 Easter Pick-up Lines to Find Eggs With
hide this ad
You Might Also Like...
Tags
Career
Homer
Player
total
Today's Top Quizzes in Sports
Browse Sports
hide this ad
Today's Top Quizzes in Homer
Browse Homer
Top Contributed Quizzes in Sports
1
Players with Multiple 50 Home Run Seasons
2
Criteria MLB: Left Handed Sluggers
3
MLB Players with Two .350 Batting Average Seasons
4
Who Hit More Homers?
5
Premier League Clubs since 2000 (minefield)
6
Who Needs Fielders?
7
2020 F1 Drivers Logic Puzzle
8
Les entraîneurs de l'OM et du PSG au 21e siècle
9
Top 10 NHL Goal Scorers of All Time
10
MLB Hall of Famer by Rings
Explore More
Trending Topics
Marvel
Kpop
Crossword
Anime
Harry Potter
Disney
NBA
The Office
Soccer
Country
WWE
Puzzle
Pokémon
NFL
Song
hide this ad
More By:
rk559
Quiz
Plays
Rating
Category
Featured
Created
Most HRs by Two Teammates
139,141
4.52
Sports
Apr 18, 2010
MLB Multi-Team 40-HR Seasons
136,334
4.42
Sports
Jul 14, 2010
Ends in 'CLE'
134,689
4.33
Language
Feb 7, 2010
MLB Cy Young and MVP Winning Teammates
129,954
4.64
Sports
Jul 11, 2010
MLB Most 35-HR Seasons for 1 Team
112,484
4.67
Sports
Dec 19, 2010
Go to Creator's Profile
Score Distribution
Quiz Creator Spotlight
rk559
Follow
Send a Message
Quizzes Created
-
Created Quiz Play Count
-
More By This Creator
Popular Quizzes Today
1
Find the 'City' Movie
2
Colored Red Africa Blitz
3
Find the US States - No Outlines Minefield
4
5x2 Blitz: Bands
5
The Countries of the World
6
Find the US States
7
US States
8
9x9 Crossword: Cartoon Network
More Sports Quizzes
Most Points Scored in an NBA Game
Published
Trending Quizzes
Colored Red Europe Blitz I
Colored Red Africa Blitz II
Colored Red Europe Blitz II
Colored Red Africa Blitz III
Colored Red Europe Blitz III
Recently Updated
Famous TV Couples
Peacemaker
Champions League XIs: Real Madrid
pecheneg
Largest US Cities 1790-2010
pecheneg
Rides in Walt Disney World
pecheneg
Most Oscar Losses (Acting)
pecheneg
Beyoncé Albums
pecheneg
Leaping Animals
pecheneg
Reality TV Shows (A-Z)
bhenderson79
Rickey Henderson's Hall of Fame Teammates
pecheneg
Champions League XIs: Arsenal
pecheneg
Trending Topics
Kpop
NBA
Anime
Marvel
Harry Potter
Crossword
Disney
The Office
Puzzle
NFL
Country
Song
WWE
Pokémon
Soccer
Your Account Isn't Verified!
In order to create a playlist on Sporcle, you need to verify the email address you used during registration. Go to your
Sporcle Settings
to finish the process.
Report this User
Report this user for behavior that violates our
Community Guidelines
.
Details:
Send Report
Go to the Sporcle.com Mobile Site →
Comments